LEADER 00542nab a2200145 i 4500 001 000000314758 003 CaOOAMICUS 005 20180831173137.0 008 180831n xx uu u0 0und r 013 $a23846 040 $aSeMil$bita 100 1 $aRimoldi, Antonio .$0(OLS)http://semarc/name/204 245 13$aIl Concilio Ecumenico e i suoi membri nella storia della Chiesa. 773 0 $t[Gennaio-Dicembre].$g163-185$w()273999 996 $6245$aIl Concilio Ecumenico e i suoi membri nella storia della Chiesa$9(OLS)http://semarc/title/388890 LEADER 01448nam a2200265 i 4500 001 000000060776 003 CaOOAMICUS 005 20210603131819.0 008 121011s1825 fr u000 u fre u 013 $a31948 026 $ae-s- n-e- asV. tona (3) 1825 (A) 040 $aSeMil$bita 100 1 $aLa Mennais, Félicité : de,$d<1782-1854>.$0(OLS)http://semarc/name/7002 245 10$aRéflexions sur l'état de l'église en France pendant le dix-huitième siècle, et sur sa situation actuelle; suivies de mélanges religieux et philosophiques. Par m. l'abbé F. De La Mennais. 250 $aQuatrième édition 260 $aA Paris :$bLibrairie classique élémentaire,$c1825. 300 $aV, 518 p. ;$c8°. 650 4$aChiesa - Francia.$0(OLS)http://semarc/subject/1542 700 1 $aMéquignon, Nicolas Toussaint,$c.$0(OLS)http://semarc/name/14811 710 2 $aSociété typographique$b.$0(OLS)http://semarc/name/14161 850 $aSeMil 852 $aSeMil$W1$xVenegono$y1$m2K IV 21 FA$j26929$B26929$CSeMilBibl$Z2$F26932 $8I 996 $6245$aRéflexions sur l'état de l'église en France pendant le dix-huitième siècle, et sur sa situation actuelle; suivies de mélanges religieux et philosophiques. Par m. l'abbé F. De La Mennais$9(OLS)http://semarc/title/95335 996 $6260$aA Paris :$bLibrairie classique élémentaire$9(OLS)http://semarc/publisher/42233